00703cam a22002411 4500001001300000003000400013005001700017008004100034010001700075035001900092040003700111042001200148043001200160050002100172100003000193245004100223260004300264300001800307440004800325504003700373650003600410999001500446af 48002187 DLC20260227110854.0790213s1941 gw 000 0 ger c aaf 48002187  a(OCoLC)4647176 aCalifornia. Univ. Libr.cLUdDLC apremarc ae-gx---00aHD1957 1941b.R41 aReischle, Hermann,d1898-10aNationalsozialistische Agrarpolitik. aMùˆnster (Westf.)bCoppenrath,c1941. a88 p.c21 cm. 0aGrossdeutsche Reihe: Geschichte und Politik a"Schrifttumsnachweis": p. 85-87. 0aAgriculture and statezGermany. c4913d4913